• 首页
  • 本馆介绍
  • 公告通知
  • 最新文献
  • 馆藏检索
  • 电子资源
  • 读者导购
  • 参考咨询
  • 我的图书馆
  • 登录
  • 详细信息显示
  • 放入我的书架
  • 预约/预借图书
  • 作者相关作品
  • 分类相关作品
  • 丛书相关作品
  • 出版社相关作品

书目信息

  • 表格格式
  • 工作单格式
  • 卡片格式
题名:
“互联网+”时代计算机算法的应用及其实践研究
    
 
作者: 崔迪 著
分册:  
出版信息: 北京   中国原子能出版社  2020.05
页数: 222页
开本: 24cm
丛书名:
单 册:
中图分类: TP301.6
科图分类:
主题词: 计算机算法--ji suan ji suan fa--研究
电子资源:
ISBN: 978-7-5221-0545-1
000 00914nam0 2200241 450
001 2352006356
005 20231124142700.41
010    @a978-7-5221-0545-1@dCNY59.00
100    @a20211206d2020 em y0chiy50 ea
101 0  @achi
102    @aCN@b110000
105    @aa a 000yy
106    @ar
200 1  @a“互联网+”时代计算机算法的应用及其实践研究@A“ hu lian wang +” shi dai ji suan ji suan fa de ying yong ji qi shi jian yan jiu@f崔迪著
210    @a北京@c中国原子能出版社@d2020.05
215    @a222页@c图@d24cm
320    @a有书目 (第219-221页)
330    @a本书以计算机算法为研究对象, 分析计算机算法的基本原理, 选择计算机程序设计实现解答问题最优的计算机算法, 并对计算机算法的具体应用、计算机算法的未来发展方向与实现技术做出构想。
606 0  @a计算机算法@Aji suan ji suan fa@x研究
690    @aTP301.6@v5
701  0 @a崔迪@Acui di@4著
801    @aCN@b山东中教@c20231121
905    @aBZT@dTP301.6@e17
    
    “互联网+”时代计算机算法的应用及其实践研究/崔迪著.-北京:中国原子能出版社,2020.05
    222页:图;24cm
    
    
    ISBN 978-7-5221-0545-1:CNY59.00
    本书以计算机算法为研究对象, 分析计算机算法的基本原理, 选择计算机程序设计实现解答问题最优的计算机算法, 并对计算机算法的具体应用、计算机算法的未来发展方向与实现技术做出构想。
●
相关链接 在五车中查询图书 在当当中查询图书 在豆瓣中查询图书


正题名:"互联网+"时代计算机算法的应用及其实践研究     索取号:TP301.6/17         预约/预借

序号 登录号 条形码 馆藏地/架位号 状态 备注
1 2001043985   2001043985   中教第一批/山东中教(第一批)/655/ [索取号:TP301.6/17] 在馆    
2 2001043986   2001043986   中教第一批/山东中教(第一批)/655/ [索取号:TP301.6/17] 在馆    
3 2001043987   2001043987   中教第一批/山东中教(第一批)/655/ [索取号:TP301.6/17] 在馆    
4 2001043988   2001043988   中教第一批/山东中教(第一批)/655/ [索取号:TP301.6/17] 在馆    
5 2001043989   2001043989   中教第一批/山东中教(第一批)/655/ [索取号:TP301.6/17] 在馆    
6 2001043990   2001043990   中教第一批/山东中教(第一批)/655/ [索取号:TP301.6/17] 在馆    
山东省滨州职业学院图书馆 欢迎您!
大连网信软件有限公司© 版权所有